A propósito de nada. Autobiografía

Na minha lista:
Detalhes bibliográficos
Autor principal: Allen, Woody
Outros Autores: Hojman, Eduardo (traductor)
Formato: Desconhecido
Idioma:inglês
Publicado em: Madrid, España. Alianza 2020
Edição:Primera edición,
Assuntos:
Tags: Adicionar Tag
Sem tags, seja o primeiro a adicionar uma tag!

MARC

LEADER 00000 a2200000 4500
003 CL-VaPUC
005 20211007110007.0
008 210610b ||||| |||| 00| 0 eng d
999 |c 432984  |d 432982 
020 |a 9788491819950 
040 |c Pontificia Universidad Católica de Valparaíso 
082 |a  791.430233092 ALL 2020 
100 |a Allen, Woody  |9 860977 
245 |a A propósito de nada.  |b Autobiografía 
250 |a Primera edición,  
260 |a Madrid, España.   |b Alianza  |c 2020 
300 |a 438 páginas  
583 |k Cristina Rojas  |c 20210610 
600 1 7 |a Allen, Woody  |9 605857  |d 1935- 
650 0 |a  Productores y directores de películas cinematográficas  |z Estados Unidos   |9 861392  |v Biografía 
650 0 |a Artes escénicas  |v Biografía   |9 318853 
700 |a Hojman, Eduardo  |e traductor  |9 861344 
942 |2 ddc  |c BK 
952 |0 0  |1 0  |2 ddc  |4 0  |6 791_430233092000000_ALL_2020  |7 0  |8 A  |9 578049  |a BIBART  |b BIBART  |d 2021-06-07  |e 135  |g 24000.00  |i 5584248  |o 791.430233092 ALL 2020  |p 5584248  |r 2025-03-13  |t 1  |v 24000.00  |w 2021-06-07  |y BK  |k ART